Business Continuity Planning Concepts and Cases (Record no. 313470)
[ view plain ]
| 000 -LEADER | |
|---|---|
| fixed length control field | 00415nam a2200157Ia 4500 |
| 008 - FIXED-LENGTH DATA ELEMENTS--GENERAL INFORMATION | |
| fixed length control field | 230718s9999 xx 000 0 und d |
| 041 ## - LANGUAGE CODE | |
| Language code of text/sound track or separate title | eng |
| 082 ## - DEWEY DECIMAL CLASSIFICATION NUMBER | |
| Classification number | 658.478 |
| Item number | SAN |
| 100 ## - MAIN ENTRY--PERSONAL NAME | |
| Personal name | Sangubhotia L. Ed. |
| 245 ## - TITLE STATEMENT | |
| Title | Business Continuity Planning Concepts and Cases |
| 260 ## - PUBLICATION, DISTRIBUTION, ETC. (IMPRINT) | |
| Date of publication, distribution, etc. | 2004 |
| Name of publisher, distributor, etc. | ICFAI Books |
| 300 ## - PHYSICAL DESCRIPTION | |
| Extent | 212 |
| 365 ## - TRADE PRICE | |
| Currency code | Rs. |
| Price amount | 350.00 |
| 700 ## - ADDED ENTRY--PERSONAL NAME | |
| Personal name | Sangubhotia L. Ed. |
| 906 ## - LOCAL DATA ELEMENT F, LDF (RLIN) | |
| d | 12/4/06/IPRESS/2006 |
| c | IT |
| Withdrawn status | Lost status | Damaged status | Not for loan | Home library | Current library | Date acquired | Vendor | Budget Code | Cost, normal purchase price | Bill number | Full call number | Barcode | Date last seen | Cost, replacement price | Bill Date | Koha item type | Original Barcode |
|---|---|---|---|---|---|---|---|---|---|---|---|---|---|---|---|---|---|
| Reference | Cummins College of Engineering for Women Pune | Cummins College of Engineering for Women Pune | 28/04/2006 | ICFAI Branch | IT | 350.00 | 12/4/06/IPRESS/2006 | 658.478 | CCEP-BK-24677 | 18/07/2023 | 350.00 | 12/04/2006 | Books | 024677 |